Paréntesi / (Registro nro. 96639)

Detalles MARC
000 -LEADER
campo de control de longitud fija 00548nam a2200193 i 4500
001 - NÚMERO DE CONTROL
campo de control 96639
003 - IDENTIFICADOR DE NÚMERO DE CONTROL
campo de control ES-MaACL
005 - FECHA Y HORA DE LA ÚLTIMA TRANSACCIÓN
campo de control 20230906181942.0
007 - CAMPO FIJO DE DESCRIPCIÓN FÍSICA--INFORMACIÓN GENERAL
campo de control de longitud fija t|
008 - DATOS DE LONGITUD FIJA--INFORMACIÓN GENERAL
campo de control de longitud fija 050629s1962 sp ||||1| cat d
100 1# - ENTRADA PRINCIPAL--NOMBRE DE PERSONA
Nombre de persona Maluquer, Concepció G.
9 (RLIN) 75874
245 10 - MENCIÓN DEL TÍTULO
Título Paréntesi /
Mención de responsabilidad, etc. Concepció G. Maluquer.
260 ## - PUBLICACIÓN, DISTRIBUCIÓN, ETC.
Lugar de publicación, distribución, etc. Barcelona :
Nombre del editor, distribuidor, etc. Alberti,
Fecha de publicación, distribución, etc. 1962.
300 ## - DESCRIPCIÓN FÍSICA
Extensión 154 p. ;
Dimensiones 16 cm.
490 1# - MENCIÓN DE SERIE
Mención de serie Nova col-lecció lletres ;
Designación de volumen o secuencia 47
830 0# - PUNTO DE ACCESO ADICIONAL DE SERIE-TÍTULO UNIFORME
Título uniforme Nova col-lecció lletres ;
Designación de volumen o secuencia 47
9 (RLIN) 181916
852 ## - LOCALIZACIÓN
Ubicación ES-MaACL
Número de control de estantería C-22304
Sublocalización o colección R.50889
Existencias
Estatus retirado Estado de pérdida Estado de daño No para préstamo Biblioteca de origen Biblioteca actual Ubicación en estantería Fecha de adquisición Fuente de adquisición Total de préstamos Signatura topográfica completa Código de barras Visto por última vez Precio de reemplazo Tipo de ítem Koha
        Biblioteca del Ateneo de Madrid Biblioteca del Ateneo de Madrid Galería 17/01/2008     C-22304 1100891 23/02/2023 23/02/2023 Libro impreso